[Event "WYCC U18 Girls 2013"]
[Site "Al-Ain UAE"]
[Date "2013.12.28"]
[Round "11.16"]
[White "Anjana Krishna, S"]
[Black "Baraeva, Marina"]
[Result "0-1"]
[BlackTitle "WIM"]
[WhiteElo "1877"]
[BlackElo "2136"]
[WhiteFideId "5046424"]
[BlackFideId "24142573"]
[EventDate "2013.12.18"]

1. e4 e6 2. d4 d5 3. Nd2 c5 4. exd5 Qxd5 5. Ngf3 cxd4 6. Bc4 Qd6 7. O-O Nf6 8.
Nb3 Nc6 9. Nbxd4 Nxd4 10. Nxd4 a6 11. Re1 Qc7 12. Qe2 Bc5 13. c3 O-O 14. Bg5 Nd5
15. Rad1 b5 16. Bd3 Bxd4 17. cxd4 f5 18. Bc2 h6 19. Bc1 Ra7 20. Bb3 Rd8 21. Qf3
Qf7 22. Re5 Rad7 23. Bd2 Bb7 24. Qe2 Re8 25. Re1 Rde7 26. a4 Bc6 27. Bxd5 Bxd5
28. axb5 axb5 29. Qxb5 Rb7 30. Qa4 Reb8 31. b4 Qg6 32. g3 Qg4 33. Qa3 Qxd4 34.
Qe3 Qg4 35. Ra1 Kh7 36. Ra3 Rd7 37. Be1 Rc7 38. f3 Qh3 39. Qd2 Rbc8 40. Re2 Bc4
41. Rf2 Bb5 42. Qe3 Rc2 43. Bc3 Rd8 44. Qe1 Rxf2 45. Qxf2 Rd3 46. Rb3 Bc6 47.
Qe1 Bxf3 48. Rb2 Rd1 49. b5 Rxe1+ 50. Bxe1 Qg4 51. Bf2 Bb7 52. Rb1 Qe4 0-1

[Event "WYCC U18 Girls 2013"]
[Site "Al-Ain UAE"]
[Date "2013.12.28"]
[Round "11.17"]
[White "Tran, My Linh"]
[Black "Durmaz, Ayca Fatma"]
[Result "1-0"]
[BlackTitle "WCM"]
[WhiteElo "2061"]
[BlackElo "1799"]
[WhiteFideId "24682462"]
[BlackFideId "6317855"]
[EventDate "2013.12.18"]

1. e4 c5 2. Nf3 Nc6 3. d4 cxd4 4. Nxd4 Nf6 5. Nc3 e6 6. Ndb5 Bb4 7. a3 Bxc3+ 8.
Nxc3 d5 9. exd5 exd5 10. Bd3 d4 11. Ne2 O-O 12. O-O Qd5 13. Nf4 Qd6 14. Nh5 Nxh5
15. Qxh5 h6 16. Qh4 Re8 17. Bd2 Bd7 18. Rfe1 Rad8 19. Rad1 a6 20. h3 b5 21. Qf4
Qxf4 22. Bxf4 Rxe1+ 23. Rxe1 Be6 24. Bc7 Rd7 25. Bh2 Ne7 26. Re5 Bc4 27. Rc5
Bxd3 28. cxd3 f6 29. Kf1 Kf7 30. Ke2 Ke6 31. Kf3 g6 32. g4 Rb7 33. h4 Rb6 34. h5
g5 35. Ke4 b4 36. a4 b3 37. Kxd4 Nc6+ 38. Ke4 Kd7 39. Rd5+ Ke7 40. Bd6+ Kf7 41.
Bc5 Rb7 42. d4 Na5 43. Kd3 Nc6 44. Rd6 Ne7 45. Rxa6 Nd5 46. Ra7 Rxa7 47. Bxa7 f5
48. gxf5 Nf4+ 49. Ke3 Nxh5 50. Bb8 Nf6 51. a5 h5 52. a6 h4 53. a7 Nd5+ 54. Kf3 1-0

[Event "WYCC U18 Girls 2013"]
[Site "Al-Ain UAE"]
[Date "2013.12.28"]
[Round "11.18"]
[White "Ruiz Olate, Emily Andrea"]
[Black "Duessler, Stefanie"]
[Result "0-1"]
[WhiteElo "1851"]
[BlackElo "2046"]
[WhiteFideId "3413535"]
[BlackFideId "4634780"]
[EventDate "2013.12.18"]

1. e4 c5 2. Nc3 Nc6 3. f4 g6 4. Bb5 Bg7 5. Nf3 Nd4 6. O-O Nxb5 7. Nxb5 d5 8.
exd5 a6 9. Nc3 Nf6 10. d3 Nxd5 11. Ne4 Qc7 12. Rb1 O-O 13. Nh4 e6 14. Qf3 Bd7
15. Bd2 Bc6 16. Qg3 Rae8 17. Nf3 b6 18. Qh4 Qd8 19. Qh3 Nb4 20. Nfg5 h6 21. Bc3
f5 22. Nf6+ Rxf6 23. Bxf6 Qxf6 24. Nf3 Bxf3 25. Qxf3 Nxc2 26. Qb7 Ne3 27. Rf3
Qd4 28. Kh1 Qxd3 29. Re1 Qd5 30. Qxb6 Nc2 31. Ref1 Nb4 32. a3 Qc6 33. Qa5 Nd5
34. Rc1 Rc8 35. b3 Bd4 36. Rc4 Ra8 37. Qd2 Qb5 38. Qe1 Re8 39. Qh4 Kg7 40. Rh3
Rh8 41. Rd3 Bf6 42. Qf2 Rc8 43. Qe1 Nxf4 44. Rd6 g5 45. Qd1 Rc7 46. a4 Qb7 47.
Qc2 Be7 48. Qc3+ Kf7 49. Rd2 Rd7 0-1

[Event "WYCC U18 Girls 2013"]
[Site "Al-Ain UAE"]
[Date "2013.12.28"]
[Round "11.19"]
[White "Regam, Jessica"]
[Black "Roy, Ali"]
[Result "1-0"]
[WhiteTitle "WFM"]
[WhiteElo "2019"]
[BlackElo "1891"]
[WhiteFideId "2033496"]
[BlackFideId "2400456"]
[EventDate "2013.12.18"]

1. e4 e5 2. Nf3 Nc6 3. Bb5 a6 4. Ba4 Nf6 5. O-O Nxe4 6. d4 b5 7. Bb3 d5 8. dxe5
Be6 9. Be3 Nc5 10. Nc3 Nxb3 11. cxb3 Be7 12. Qd2 Qd7 13. Rfd1 Rd8 14. h3 Nb8 15.
Qc1 O-O 16. Ne4 Qc8 17. Nc5 Nd7 18. b4 Nxc5 19. Bxc5 Qd7 20. Nd4 Rc8 21. Qc3
Rfe8 22. Bxe7 Qxe7 23. Rac1 Bd7 24. Re1 Qg5 25. Qe3 Qxe3 26. Rxe3 Re7 27. Rc5
Be6 28. f4 g6 29. g4 Rce8 30. f5 gxf5 31. gxf5 Bc8 32. Rxd5 Bb7 33. Rc5 Rd7 34.
Nb3 Kh8 35. Kf2 h5 36. e6 fxe6 37. fxe6 Rh7 38. Nd4 h4 39. Rf5 Bc8 40. Rf4 Rh6
41. e7 Kg8 42. Ref3 Bd7 43. Rf8+ Kh7 44. Rxe8 Bxe8 45. Rf8 1-0

[Event "WYCC U18 Girls 2013"]
[Site "Al-Ain UAE"]
[Date "2013.12.28"]
[Round "11.20"]
[White "Tarmastin, Laura"]
[Black "Guo, Emma"]
[Result "0-1"]
[BlackTitle "WIM"]
[WhiteElo "1791"]
[BlackElo "2011"]
[WhiteFideId "1623001"]
[BlackFideId "3200795"]
[EventDate "2013.12.18"]

1. e4 e5 2. Nf3 Nc6 3. Bb5 a6 4. Ba4 Nf6 5. O-O Be7 6. Re1 b5 7. Bb3 O-O 8. c3
d5 9. exd5 Nxd5 10. Nxe5 Nxe5 11. Rxe5 Bb7 12. Qf3 Bd6 13. Re1 Re8 14. Rf1 Rb8
15. d4 Nf4 16. d5 Nxd5 17. Qg4 Re6 18. Bc2 Nf6 19. Qh3 Qe7 20. Nd2 Re8 21. Nf3
Be4 22. Bb3 Nd5 23. Bg5 Qf8 24. Rad1 c6 25. Nh4 h6 26. Bc1 Bc5 27. Kh1 Qe7 28.
f3 Bh7 29. Nf5 Qf6 30. Nd4 Bxd4 31. Rxd4 Re1 32. Rd1 Qe5 33. Qg3 Rxf1+ 34. Rxf1
Qe2 35. Rg1 Bg6 36. Bd1 Qc4 37. Bb3 Qd3 38. h3 Kh7 39. Kh2 a5 40. Rd1 Qe2 41.
Rd2 Qe6 42. Bd1 Ne3 43. Kg1 Qxa2 44. Qc7 Qb1 45. Qxc6 Qxc1 46. Rd4 Qxb2 47. f4
Be4 0-1

[Event "WYCC U18 Girls 2013"]
[Site "Al-Ain UAE"]
[Date "2013.12.28"]
[Round "11.23"]
[White "Serbanescu, Diana-Maria"]
[Black "Machlik, Edit"]
[Result "1/2-1/2"]
[WhiteElo "1989"]
[BlackElo "1855"]
[WhiteFideId "1200550"]
[BlackFideId "1513591"]
[EventDate "2013.12.18"]

1. e4 c5 2. c3 d5 3. exd5 Qxd5 4. d4 Nf6 5. Nf3 e6 6. a3 Nc6 7. Be3 b6 8. Bd3
Be7 9. O-O O-O 10. c4 Qd8 11. Nc3 Bb7 12. Ne4 Nxd4 13. Bxd4 Nxe4 14. Qc2 cxd4
15. Bxe4 Bxe4 16. Qxe4 Bf6 17. Rfd1 Qc7 18. Rac1 Rfd8 19. Nxd4 Rac8 20. b3 a6 1/2-1/2

[Event "WYCC U18 Girls 2013"]
[Site "Al-Ain UAE"]
[Date "2013.12.28"]
[Round "11.24"]
[White "Bengtsson, Jessica"]
[Black "Ruhlmann, Helene"]
[Result "1-0"]
[WhiteElo "1970"]
[BlackElo "1830"]
[WhiteFideId "1711083"]
[BlackFideId "20643209"]
[EventDate "2013.12.18"]

1. e4 d5 2. exd5 Nf6 3. d4 Bg4 4. f3 Bf5 5. c4 e6 6. dxe6 Nc6 7. Be3 fxe6 8. Nc3
Qd7 9. g4 Bg6 10. h4 Bd6 11. Bf2 h6 12. Bd3 Bxd3 13. Qxd3 O-O-O 14. Qe3 e5 15.
d5 Nd4 16. O-O-O Bc5 17. Qxe5 Nxf3 18. Qg3 Nxg4 19. Bxc5 Nfe5 20. b3 b6 21. Bd4
Rhe8 22. Nf3 Nf7 23. Qf4 Nd6 24. Ne5 Nxe5 25. Bxe5 Rf8 26. Qg3 Nf5 27. Qd3 Rf7
28. Rde1 Rdf8 29. h5 Qe7 30. Kb2 Qg5 31. Nb5 a6 32. Nd4 Ne7 33. Ka1 Qg4 34. Qh3
Qxh3 35. Rxh3 1-0

[Event "WYCC U18 Girls 2013"]
[Site "Al-Ain UAE"]
[Date "2013.12.28"]
[Round "11.25"]
[White "Xiao, Alice Huanyi"]
[Black "Nguyen, Thi Thuy Trien"]
[Result "1/2-1/2"]
[BlackTitle "WFM"]
[WhiteElo "1874"]
[BlackElo "1945"]
[WhiteFideId "2612550"]
[BlackFideId "12404179"]
[EventDate "2013.12.18"]

1. e4 e6 2. d4 d5 3. Nd2 dxe4 4. Nxe4 Be7 5. Nf3 Nf6 6. Nxf6+ Bxf6 7. c3 O-O 8.
Bd3 Nd7 9. Qc2 h6 10. Bf4 c5 11. Bd6 Be7 12. Bxe7 Qxe7 13. O-O cxd4 14. Nxd4 Nf6
15. Rfe1 b6 16. Qd2 Qc7 17. Re3 Rd8 18. Nb5 Qd7 19. Rd1 Bb7 20. Rg3 Kf8 21. Nd4
Qc7 22. Qe2 Re8 23. Ba6 Bd5 24. Bb5 Re7 25. c4 Bb7 26. Re3 Rc8 27. b3 Qf4 28. h3
Qc7 29. Nf3 Nh5 30. Nh4 Nf4 31. Qg4 g5 32. Nf3 1/2-1/2

[Event "WYCC U18 Girls 2013"]
[Site "Al-Ain UAE"]
[Date "2013.12.28"]
[Round "11.27"]
[White "Nouman, Amna"]
[Black "Foster, Chantelle L"]
[Result "1-0"]
[WhiteTitle "WFM"]
[WhiteElo "1833"]
[BlackElo "1901"]
[WhiteFideId "9301500"]
[BlackFideId "408476"]
[EventDate "2013.12.18"]

1. e4 c5 2. Nf3 e6 3. d4 cxd4 4. Nxd4 Nc6 5. c4 Nf6 6. Nc3 Bb4 7. f3 O-O 8. Nxc6
bxc6 9. e5 Ne8 10. Bd3 d5 11. exd6 Nxd6 12. O-O Ba6 13. Qe2 Re8 14. Be3 Nf5 15.
Bf2 Qc7 16. Rfe1 Re7 17. f4 Qxf4 18. c5 Bxc3 19. bxc3 Bxd3 20. Qxd3 Ree8 21. Qd7
Qa4 22. Reb1 Red8 23. Qb7 Qe4 24. Rb4 Qd5 25. Rab1 h5 26. Qa6 Nh6 27. Rd4 Qf5
28. Rf1 Ng4 29. Qxc6 Qe5 30. Bg3 Qe3+ 31. Kh1 Qe2 32. Qf3 Qxf3 33. gxf3 Ne3 34.
Rb1 Rdc8 35. Bf2 Nf5 36. Rd7 Rd8 37. c6 Rxd7 38. cxd7 Kf8 39. Bc5+ Kg8 40. Bxa7
Kh7 41. Rb8 1-0

[Event "WYCC U18 Girls 2013"]
[Site "Al-Ain UAE"]
[Date "2013.12.28"]
[Round "11.29"]
[White "Korbovljanovic, Natasa"]
[Black "Utiatskaja, Irina"]
[Result "0-1"]
[WhiteElo "1854"]
[BlackElo "2069"]
[WhiteFideId "900486"]
[BlackFideId "24140848"]
[EventDate "2013.12.18"]

1. e4 c5 2. d4 cxd4 3. Nf3 d6 4. Nxd4 Nf6 5. Nc3 a6 6. Be2 e5 7. Nb3 Be7 8. O-O
O-O 9. Kh1 b6 10. f4 Bb7 11. Bf3 Nbd7 12. Qe1 b5 13. a3 Rc8 14. Be3 Re8 15. Rd1
Qc7 16. f5 Nb6 17. Na5 Ba8 18. Qg3 Na4 19. Bh6 Bf8 20. Bg5 Kh8 21. Bxf6 gxf6 22.
Nxa4 bxa4 23. Qe1 Qxc2 24. Rd2 Qc5 25. Rd1 Qb6 26. Rb1 Rc2 27. b4 axb3 28. Nxb3
Rec8 29. Na1 Rb2 30. a4 Bh6 31. Rxb2 Qxb2 32. Qb1 Qd4 33. Qb3 Qc4 34. Qd1 Bxe4
35. Bxe4 Qxe4 36. Qxd6 Rc6 37. Qd7 Kg7 38. a5 Rc3 39. Qa7 Qe2 40. Rb1 Be3 41.
Qb7 Bc1 42. h3 Qe1+ 0-1

[Event "WYCC U18 Girls 2013"]
[Site "Al-Ain UAE"]
[Date "2013.12.28"]
[Round "11.30"]
[White "Lepeskaite, Migle"]
[Black "Chiarion, Elisa"]
[Result "1/2-1/2"]
[WhiteElo "1810"]
[BlackElo "1957"]
[WhiteFideId "12803065"]
[BlackFideId "828653"]
[EventDate "2013.12.18"]

1. d4 d5 2. c4 e6 3. Nc3 Nf6 4. cxd5 exd5 5. Bg5 c6 6. e3 Be6 7. Bd3 Nbd7 8. Qc2
h6 9. Bh4 g5 10. Bg3 Nh5 11. Nge2 Nxg3 12. Nxg3 h5 13. Nf5 Qf6 14. a3 h4 15.
O-O-O O-O-O 16. Kb1 Kb8 17. g4 Rc8 18. Rc1 Nb6 19. Na4 Nxa4 20. Qxa4 c5 21. dxc5
Bxc5 22. Rc2 Bb6 23. Rhc1 Rcd8 24. h3 Rhe8 25. Nd6 Rg8 26. Nf5 Rc8 27. Rxc8+
Bxc8 28. Qb4 Rd8 29. Rc2 d4 30. exd4 Bxd4 31. Be4 Bb6 32. Rd2 a5 33. Rd6 Rxd6
34. Qxd6+ Qxd6 35. Nxd6 Bxf2 36. Nxf7 Be3 37. Nd6 Kc7 38. Nxc8 Kxc8 1/2-1/2

[Event "WYCC U18 Girls 2013"]
[Site "Al-Ain UAE"]
[Date "2013.12.28"]
[Round "11.31"]
[White "Lalaoui, Feriel"]
[Black "Ballantyne, Rochelle"]
[Result "0-1"]
[WhiteTitle "WCM"]
[WhiteElo "1754"]
[BlackElo "1934"]
[WhiteFideId "7900481"]
[BlackFideId "2058235"]
[EventDate "2013.12.18"]

1. e4 c5 2. Nf3 e6 3. d4 cxd4 4. Nxd4 a6 5. Nc3 Qc7 6. Be3 Bb4 7. Qd2 Nf6 8. f3
d5 9. O-O-O e5 10. Nf5 Bxf5 11. exf5 d4 12. Bxd4 exd4 13. Re1+ Be7 14. Qxd4 Nc6
15. Qf2 Qf4+ 16. Kb1 Qxf5 17. Bd3 Qa5 18. g4 O-O 19. h4 Bb4 20. h5 Bxc3 21. bxc3
Nd5 22. Qh4 Qa3 23. Bc4 Nxc3+ 24. Ka1 Na4 0-1

[Event "WYCC U18 Girls 2013"]
[Site "Al-Ain UAE"]
[Date "2013.12.28"]
[Round "11.32"]
[White "Tuzi, Bruna"]
[Black "Mendez Tovar, Jessica Yissel"]
[Result "1-0"]
[WhiteTitle "WCM"]
[BlackTitle "WFM"]
[WhiteElo "1754"]
[BlackElo "1887"]
[WhiteFideId "4701100"]
[BlackFideId "5113580"]
[EventDate "2013.12.18"]

1. e4 c5 2. Nf3 d6 3. c3 Nf6 4. Bd3 Nc6 5. Bc2 g6 6. O-O Bg7 7. h3 O-O 8. Re1
Bd7 9. d3 Rc8 10. Nbd2 b5 11. Nf1 b4 12. Ng3 Ne8 13. d4 bxc3 14. bxc3 cxd4 15.
cxd4 Nb4 16. Bb3 Bb5 17. Ba3 Qa5 18. Bxb4 Qxb4 19. Rb1 Qa5 20. e5 dxe5 21. dxe5
Bc4 22. Bxc4 Rxc4 23. Qb3 Rc3 24. Qb7 Nc7 25. Rec1 Nd5 26. Rd1 e6 27. Ne4 Rc7
28. Qb3 h6 29. Rdc1 Nf4 30. Rxc7 Qxc7 31. Qb5 Nd5 32. Qc5 Bxe5 33. Qxc7 Bxc7 34.
Rb7 Bb6 35. Ne5 Kg7 36. Nd7 Rc8 37. Nd6 Rc7 38. Ne8+ Kh7 39. Nxc7 Bxc7 40. Nf6+
Nxf6 41. Rxc7 Kg7 42. Rxa7 Kf8 43. a4 1-0

[Event "WYCC U18 Girls 2013"]
[Site "Al-Ain UAE"]
[Date "2013.12.28"]
[Round "11.33"]
[White "Jayamurthey, Pavitranayagi"]
[Black "Nikolovska, Dragana"]
[Result "0-1"]
[WhiteElo "1694"]
[BlackElo "1876"]
[WhiteFideId "5708885"]
[BlackFideId "15000133"]
[EventDate "2013.12.18"]

1. e4 c5 2. Nf3 a6 3. d4 cxd4 4. Nxd4 Nf6 5. Nc3 e5 6. Nf3 Bb4 7. Bd2 O-O 8. Bd3
d5 9. exd5 Nxd5 10. O-O Nxc3 11. bxc3 Bd6 12. Re1 Nc6 13. Rb1 h6 14. Qe2 Qe7 15.
Be4 Re8 16. Bxc6 bxc6 17. Qc4 Qc7 18. Qd3 f5 19. Nd4 e4 20. Qc4+ Kh7 21. h3 Bd7
22. Qe2 c5 23. Nb3 a5 24. Qh5 a4 25. Nc1 f4 26. Qh4 Bf5 27. Qh5 Bg6 28. Qg4 Rad8
29. h4 h5 30. Qg5 Rf8 31. Qd5 Be7 32. Qe6 Rxd2 33. Ne2 Bxh4 34. Rb2 e3 35. Kh1
Bxf2 36. Reb1 Rxe2 37. Rb7 Re1+ 38. Rxe1 Qxb7 39. Rd1 Qe4 0-1

[Event "WYCC U18 Girls 2013"]
[Site "Al-Ain UAE"]
[Date "2013.12.28"]
[Round "11.34"]
[White "Barbier, Astrid"]
[Black "Comas Colon, Rinelly M."]
[Result "1/2-1/2"]
[BlackTitle "WFM"]
[WhiteElo "1789"]
[BlackElo "1790"]
[WhiteFideId "200395"]
[BlackFideId "3101576"]
[EventDate "2013.12.18"]

1. b3 d5 2. Bb2 Nf6 3. e3 Nbd7 4. Nf3 g6 5. Be2 Bg7 6. O-O O-O 7. c4 c6 8. d3
Re8 9. Nc3 e6 10. Qc2 b6 11. Rac1 Bb7 12. Rfd1 Rc8 13. Qb1 Qe7 14. d4 Red8 15.
h3 a6 16. Bd3 b5 17. Ne2 b4 18. Nf4 Nb8 19. Ne5 Nbd7 20. cxd5 Nxe5 21. dxe5 Nxd5
22. Nxd5 cxd5 23. Bd4 f6 24. Qb2 f5 25. Rxc8 Rxc8 26. Rc1 Qf8 27. f4 Rxc1+ 28.
Qxc1 Qc8 29. Qxc8+ Bxc8 30. Kf2 Bf8 31. g4 Be7 32. g5 Kg7 33. Ke2 h6 34. h4 h5
35. Kd2 Kf7 36. Bb6 Ke8 37. Bb1 Kd7 38. Kd3 Kc6 39. Bd4 Bd7 40. Kd2 Kb7 41. Bd3
Bc6 42. Kc2 Bd7 43. Bf1 Be8 44. Kd2 Bd7 45. Kc2 Be8 46. Kb2 Bc6 47. Bd3 Bd7 48.
Kc2 Bc6 1/2-1/2

[Event "WYCC U18 Girls 2013"]
[Site "Al-Ain UAE"]
[Date "2013.12.28"]
[Round "11.35"]
[White "Schucman, Rebeca Lot"]
[Black "Bauer, Valentina"]
[Result "0-1"]
[WhiteElo "1672"]
[BlackElo "1787"]
[WhiteFideId "2140691"]
[BlackFideId "1616935"]
[EventDate "2013.12.18"]

1. d4 d5 2. c4 e6 3. Nc3 Nf6 4. Bg5 Be7 5. cxd5 exd5 6. Qc2 c6 7. e3 O-O 8. Bd3
Nbd7 9. Nge2 Re8 10. O-O Nf8 11. Rae1 Ng6 12. f3 Nh5 13. Bxe7 Qxe7 14. e4 Qg5
15. Kh1 Nh4 16. g3 Bh3 17. f4 Qg4 18. Rf2 Nf3 19. Rd1 Re6 20. Qc1 Rh6 21. Qe3
Nxg3+ 22. Nxg3 Qxg3 23. hxg3 Bf1+ 0-1

[Event "WYCC U18 Girls 2013"]
[Site "Al-Ain UAE"]
[Date "2013.12.28"]
[Round "11.36"]
[White "Matisone, Dana"]
[Black "Orlina, Laura"]
[Result "1/2-1/2"]
[WhiteElo "1744"]
[BlackElo "1694"]
[WhiteFideId "11603526"]
[BlackFideId "11601655"]
[EventDate "2013.12.18"]

1. e4 g6 2. d4 Bg7 3. f4 d6 4. Nf3 Bg4 5. Be3 Nd7 6. c3 e5 7. Be2 Bxf3 8. Bxf3
Ngf6 9. Nd2 Qe7 10. O-O O-O 11. fxe5 dxe5 12. Qc2 Rad8 13. Rad1 Rfe8 14. Rfe1 a6
15. Nb3 b5 16. d5 1/2-1/2

[Event "WYCC U18 Girls 2013"]
[Site "Al-Ain UAE"]
[Date "2013.12.28"]
[Round "11.37"]
[White "Abdelmenaem, Sohayla"]
[Black "Dewanthi, A H Chamika"]
[Result "1-0"]
[WhiteTitle "WFM"]
[WhiteElo "1734"]
[BlackElo "1584"]
[WhiteFideId "10610529"]
[BlackFideId "9906304"]
[EventDate "2013.12.18"]

1. d4 d5 2. c4 e6 3. Nc3 Nf6 4. Bg5 c6 5. e3 Be7 6. Qc2 Nbd7 7. cxd5 exd5 8. Bd3
h6 9. Bh4 O-O 10. Nge2 Re8 11. O-O b6 12. f3 Bb7 13. e4 dxe4 14. fxe4 Ng4 15.
Bxe7 Rxe7 16. Rf4 Ngf6 17. Raf1 c5 18. e5 Nd5 19. Nxd5 Bxd5 20. Nc3 Bb7 21. Bc4
cxd4 22. Rxf7 Rxf7 23. Rxf7 Kh8 24. Qg6 Qg5 25. Qxg5 hxg5 26. Rxd7 dxc3 27. bxc3
Bc6 28. Rd3 g6 29. Rd6 Be8 30. e6 Ba4 31. Kf2 Kg7 32. Kg3 1-0

[Event "WYCC U18 Girls 2013"]
[Site "Al-Ain UAE"]
[Date "2013.12.28"]
[Round "11.38"]
[White "Van Niekerk, Robyn Julian"]
[Black "Yousfi, Yasmine"]
[Result "1/2-1/2"]
[WhiteElo "1459"]
[BlackElo "1649"]
[WhiteFideId "14305020"]
[BlackFideId "7904134"]
[EventDate "2013.12.18"]

1. d4 Nf6 2. c4 e6 3. Nc3 Bb4 4. Qc2 O-O 5. Nf3 d5 6. e3 Nbd7 7. a3 Bxc3+ 8.
Qxc3 Ne4 9. Qc2 Ndf6 10. Bd3 b6 11. cxd5 exd5 12. O-O Bb7 13. b4 Rc8 14. Qb2 Qe7
15. Bd2 Nxd2 16. Qxd2 Ne4 17. Qb2 c5 18. bxc5 bxc5 19. dxc5 Nxc5 20. Bf5 Rb8 21.
Qe5 Qxe5 22. Nxe5 Rfe8 23. Nf3 Ba6 24. Rfd1 Bc4 25. Nd4 Rb2 26. Rab1 Reb8 27.
Rxb2 Rxb2 28. Nc6 Ra2 29. Nxa7 Rxa3 30. Nc6 g6 31. Bc2 Ra2 32. Nd4 Ne6 33. Bb3
Nxd4 34. Bxa2 Ne2+ 35. Kf1 Nc3+ 36. Bxc4 Nxd1 37. Bxd5 Nc3 38. Bc4 Ne4 39. Ke1
Nd6 1/2-1/2

[Event "WYCC U18 Girls 2013"]
[Site "Al-Ain UAE"]
[Date "2013.12.28"]
[Round "11.39"]
[White "Abeer, Ali"]
[Black "Amra, Tasnim"]
[Result "0-1"]
[BlackTitle "WFM"]
[WhiteElo "1655"]
[BlackElo "1570"]
[WhiteFideId "9302930"]
[BlackFideId "14300222"]
[EventDate "2013.12.18"]

1. e4 e5 2. Nf3 Nc6 3. d4 exd4 4. Bc4 Nf6 5. e5 d5 6. Bb5 Nd7 7. Bxc6 bxc6 8.
Qxd4 Bc5 9. Qd3 Qe7 10. Qe2 a5 11. Bf4 O-O 12. Nc3 Re8 13. O-O-O Ba6 14. Qd2 Nb6
15. Ne2 Nc4 16. Qe1 Ba3 17. Bg5 Bxb2+ 18. Kb1 Qc5 19. Ned4 Bxd4 20. Nxd4 Qb6+
21. Nb3 a4 22. f4 axb3 23. cxb3 Na3+ 24. Kb2 Qc5 25. Qd2 Bb5 26. Rc1 Qb6 27. h4
Nc4+ 28. Rxc4 dxc4 29. h5 Qc5 30. Ra1 Qa3+ 31. Kb1 cxb3 32. Qb2 bxa2+ 33. Qxa2
Bd3+ 0-1

[Event "WYCC U18 Girls 2013"]
[Site "Al-Ain UAE"]
[Date "2013.12.28"]
[Round "11.40"]
[White "Voges, Rachelle Mari"]
[Black "Senarath, Kavindi"]
[Result "1-0"]
[WhiteTitle "WCM"]
[WhiteElo "1634"]
[BlackElo "1617"]
[WhiteFideId "14308908"]
[BlackFideId "9904344"]
[EventDate "2013.12.18"]

1. d4 Nf6 2. c4 g6 3. Nf3 Bg7 4. Nc3 O-O 5. Bg5 d6 6. e3 Bf5 7. Be2 Nbd7 8. O-O
c5 9. Nh4 cxd4 10. exd4 Qa5 11. Nxf5 Qxf5 12. Be3 Nb6 13. Bd3 Qg4 14. h3 Qxd1
15. Raxd1 Rac8 16. b3 d5 17. c5 Nbd7 18. b4 b6 19. Bb5 e6 20. Ba6 Rce8 21. c6
Nb8 22. Bb7 Re7 23. Bf4 Nxc6 24. Bxc6 Rc8 25. b5 a6 26. a4 axb5 27. axb5 Nh5 28.
Be3 Ra7 29. Ra1 Rxa1 30. Rxa1 e5 31. Nxd5 Rb8 32. dxe5 Bxe5 33. Ra8 Rxa8 34.
Bxa8 Nf6 35. Nxf6+ Bxf6 36. Bxb6 Be7 37. Bc7 Bc5 38. b6 Bxb6 39. Bxb6 h5 40. Bd5
Kg7 41. Bd4+ f6 42. g4 hxg4 43. hxg4 g5 44. Kg2 Kg6 45. Be4+ Kf7 46. Bf5 Ke7 47.
Kg3 Kf7 48. Kf3 Ke7 49. Ke4 Kf7 50. Kd5 Ke7 51. Bc5+ Kf7 52. Kd6 Kg7 53. Ke6 1-0

[Event "WYCC U18 Girls 2013"]
[Site "Al-Ain UAE"]
[Date "2013.12.28"]
[Round "11.42"]
[White "Al Dhaffari, Salma"]
[Black "Strasevici, Ana"]
[Result "1/2-1/2"]
[WhiteElo "1625"]
[BlackElo "1496"]
[WhiteFideId "9305335"]
[BlackFideId "13907042"]
[EventDate "2013.12.18"]

1. d4 Nf6 2. c4 g6 3. Nc3 Bg7 4. e4 d6 5. Nf3 O-O 6. Be2 Nbd7 7. O-O c5 8. d5 a6
9. Nd2 e5 10. a3 Ne8 11. b4 f5 12. Rb1 f4 13. Nb3 b6 14. Bg4 cxb4 15. axb4 Ndf6
16. Be2 g5 17. f3 h5 18. c5 g4 19. Na4 b5 20. Nb6 Rb8 21. Na5 Bd7 22. Bd2 h4 23.
fxg4 Nxe4 24. Nxd7 Qxd7 25. Bf3 Ng5 26. Be2 Kh8 27. Be1 h3 28. g3 dxc5 29. bxc5
fxg3 30. Rxf8+ Bxf8 31. Bxg3 Bxc5+ 32. Kh1 Bd6 33. Nc6 Rb6 34. Bxe5+ Bxe5 35.
Nxe5 Qd6 36. Qd4 Kg8 37. Nc4 Ne6 38. Nxd6 Nxd4 39. Nxe8 Nxe2 40. Re1 Nf4 41. d6
Rb8 42. Nf6+ Kf7 43. Nd5 Nxd5 44. Rf1+ Ke6 45. d7 Kxd7 46. g5 Rg8 47. g6 Rxg6
48. Rf7+ Kc6 49. Rc7+ Kb6 50. Rb7+ Ka5 51. Rxb5+ Ka4 1/2-1/2